00340cam a22001217a 4500008004000000020001800040082001700058245007100075260002700146300001300173650001800186700001400204180718b1978 xxu||||| |||| 00| 0 eng d a0 08 021844 x aJ7 T846 K819 aDuccio turn (1926-1976)cedited by O.H. Koenigsberger And S. Groak aOxfordbPergamonc1978 avi, 204p aCity Planning aGroak, S.